| 000 | 02348nam a2200433Ia 4500 | ||
|---|---|---|---|
| 001 | dia_5768 | ||
| 003 | CHAP | ||
| 005 | 20240322132103.0 | ||
| 007 | ta | ||
| 008 | 220117s2009 mx adeofr 001 0 spa d | ||
| 040 |
_cCHAP _amxchpua |
||
| 090 |
_aT.C.521 _bP47 EIUPA _c2009 |
||
| 245 | 1 | 0 |
_aFábrica de tequila Cascahuín, S. A. / _ccoordinador Juán Pérez Barrón ; colaboradores Lilia Ingrith Calderón López...[et al.] |
| 260 |
_aMéxico : _bEl autor, _c2009 |
||
| 300 |
_a77 hojas . _bilustraciones, gráficas, diagramas, tablas, fotos, planos |
||
| 336 |
_2rdacontent _atexto _btxt |
||
| 337 |
_2rdamedia _ano mediado _bn |
||
| 338 |
_2rdacarrier _avolumen _bnc |
||
| 500 | _a7° año Grupo 4 -- El CD contiene planos y reporte | ||
| 502 |
_aViaje de estudios _b(EIUPA) -- _cUACh. Departamento de Ingeniería Agroindustrial, _d2009 |
||
| 504 | _aBibliografía: hojas 57-58 | ||
| 505 | _a4 planos -- 1. Plano de distribución de áreas (Esc. 1:200) -- 2. Plano distribución de equipo (Esc. 1:200) -- 3. Diagrama de flujo: elaboración de tequila blanco -- 4. Diagrama de tubería e instrumentación -- 5. Diagrama de recorrido para tequila mixto | ||
| 650 | 1 | 3 |
_aTequila _9112336 |
| 700 | 1 |
_aPérez Barrón, Juan _9148338 _ecoordinador |
|
| 700 | 1 |
_aCalderón López, Lilia Ingrith _9159352 _ecolaboradora |
|
| 856 | 4 | 2 |
_uhttp://10.13.5.2/ve/TC521EIUPA/TC521EIUPA2009-PLANO-DISTRIBUCIONDEAREAS.pdf _yDESCARGAR PLANO DE DISTRIBUCIÓN DE ÁREAS |
| 856 | 4 | 2 |
_uhttp://10.13.5.2/ve/TC521EIUPA/TC521EIUPA2009-PLANO-DISTRIBUCIONDEEQUIPO.pdf _yDESCARGAR PLANO DISTRIBUCIÓN DE EQUIPO |
| 856 | 4 | 2 |
_uhttp://10.13.5.2/ve/TC521EIUPA/TC521EIUPA2009-PLANO-DIAGRAMADEFLUJO.pdf _yDESCARGAR DIAGRAMA DE FLUJO: ELABORACIÓN DE TEQUILA BLANCO |
| 856 | 4 | 2 |
_uhttp://10.13.5.2/ve/TC521EIUPA/TC521EIUPA2009-PLANO-DTI.pdf _yDESCARGAR DIAGRAMA DE TUBERÍA E INSTRUMENTACIÓN |
| 856 | 4 | 2 |
_uhttp://10.13.5.2/ve/TC521EIUPA/TC521EIUPA2009-PLANO-DIAGRAMADERECORRIDOPARATEQUILAMIXTO.pdf _yDESCARGAR DIAGRAMA DE RECORRIDO PARA TEQUILA MIXTO |
| 856 | 4 | 2 |
_uhttp://10.13.5.2/ve/TC521EIUPA/TC521EIUPA2009-PLANO-REPORTE.pdf _yDESCARGAR REPORTE |
| 901 | _aT.C.521 P47 EIUPA 2009 | ||
| 902 | _aM | ||
| 905 | _a5232262009 mx deml8223123322spa16 | ||
| 942 | _2local | ||
| 942 | _cVE | ||
| 999 |
_c176703 _d176703 |
||